000
00252nam a2200097Ia 4500
001
667553
005
20250826160331.0
008
250824s9999 xx 000 0 und d
245
0
_a
PERTEV BEYİN İKİ KIZI
_c
MÜNEVVER AYAŞLI
260
_b
TİMAŞ YAYINLARI
999
_c
667553
_d
667553